Top 20 Words Ending in -ING - Statistics

General Stats
  • This quiz has been taken 366 times
  • The average score is 7 of 20
Answer Stats
rank letters word % Correct
14 5 doing
73%
3 5 being
71%
2 5 going
69%
1 5 thing
64%
4 5 bring
62%
10 4 king
55%
9 6 having
48%
16 6 making
42%
11 7 nothing
29%
5 9 something
29%
18 8 anything
26%
12 7 working
26%
20 7 looking
25%
7 7 morning
13%
17 7 evening
11%
13 7 meeting
9%
6 6 during
8%
8 8 building
6%
19 9 following
3%
15 8 training
3%
No matching quizzes found
Score Distribution
Percent of People with Each Score
Percentile by Number Answered
Your Score History
You have not taken this quiz